000 00879cab a2200217 4500
001 ABS68488
008 041118n2004 000 0 eng u
035 _a(Sirsi) u128038
100 _aFilley, M.
245 _aWaste by numbers
260 _c2004
490 _aWastes Management
_vNovember 2004, 44-45(2)
520 _aLack of data on waste quantities, composition, growth rates and impact on the environment is a major factor holding back effective policy making and improved waste management. Outlines and briefly discusses DEFRA's plan to make reliable data on waste available to improve waste management. DEFRA has published a consultation.
590 _aABS
650 _aWASTE CONTROL
650 _aWASTE POLICY
650 _aENVIRONMENTAL IMPACT
650 _aGOVERNMENT POLICY
690 _aENVIRONMENTAL AND LAND CONSULTANCY-WASTE MANAGEMENT
942 _n0
999 _c74607
_d74607